[Event "Titled Tue 17th Jun Early"]
[Site "chess.com INT"]
[Date "2025.06.17"]
[Round "9"]
[White "Mesquita, Eduardo Barbosa"]
[Black "Murawski, Jan"]
[Result "0-1"]
[BlackTitle "CM"]
[WhiteElo "2014"]
[BlackElo "2164"]
[WhiteFideId "22757163"]
[BlackFideId "21009287"]
[EventDate "2025.06.17"]

1. e4 g6 2. d4 Bg7 3. Nf3 c5 4. Nc3 Qa5 5. dxc5 Bxc3+ 6. bxc3 Qxc3+ 7. Bd2 Qxc5
8. Bd3 d6 9. O-O Nf6 10. c4 O-O 11. Bh6 Rd8 12. h3 Nc6 13. Ng5 Ne5 14. Kh1 Nfg4
15. hxg4 Nxg4 16. Nxf7 Qh5+ 0-1

[Event "Titled Tue 17th Jun Early"]
[Site "chess.com INT"]
[Date "2025.06.17"]
[Round "9"]
[White "Kozak, Antoni"]
[Black "Hansen, Eric"]
[Result "0-1"]
[BlackTitle "GM"]
[WhiteElo "2426"]
[BlackElo "2609"]
[WhiteFideId "21832030"]
[BlackFideId "2606771"]
[EventDate "2025.06.17"]

1. g3 Nf6 2. Bg2 g6 3. e3 Bg7 4. Ne2 O-O 5. O-O d5 6. d4 Nc6 7. c4 dxc4 8. Na3
e5 9. d5 Nb4 10. Nc3 c6 11. dxc6 Nxc6 12. Nxc4 Be6 13. Bxc6 Bxc4 14. Bxb7 Rb8
15. Bg2 Bxf1 16. Qxf1 Qa5 17. a4 Rfd8 18. Ra3 Bf8 19. Ra1 Bb4 20. Bd2 Rxd2 0-1

[Event "Titled Tue 17th Jun Early"]
[Site "chess.com INT"]
[Date "2025.06.17"]
[Round "9"]
[White "Shermuhammadov, Samandar"]
[Black "Stankovic, Boris"]
[Result "1-0"]
[WhiteTitle "FM"]
[BlackTitle "FM"]
[WhiteElo "2110"]
[BlackElo "2298"]
[WhiteFideId "14205602"]
[BlackFideId "985317"]
[EventDate "2025.06.17"]

1. e4 c5 2. Nf3 d6 3. d4 cxd4 4. Qxd4 Nf6 5. Bg5 Nc6 6. Bb5 e5 7. Qd3 Bd7 8. c4
h6 9. Bxf6 Qxf6 10. Nc3 Qd8 11. Rd1 a6 12. Ba4 Nb4 13. Bxd7+ Qxd7 14. Qd2 Nc6
15. Nd5 Rd8 16. O-O Be7 17. b4 Qe6 18. b5 axb5 19. cxb5 Nb8 20. Nc7+ 1-0

[Event "Titled Tue 17th Jun Early"]
[Site "chess.com INT"]
[Date "2025.06.17"]
[Round "9"]
[White "Garcia Molina, Jose"]
[Black "Thomforde-Toates, Noah"]
[Result "0-1"]
[WhiteTitle "FM"]
[WhiteElo "2156"]
[BlackElo "2128"]
[WhiteFideId "32030592"]
[BlackFideId "30951992"]
[EventDate "2025.06.17"]

1. Nf3 Nf6 2. b3 g6 3. Bb2 Bg7 4. g3 O-O 5. Bg2 d6 6. d4 Nc6 7. O-O Bg4 8. c4
Nd7 9. e3 e5 10. h3 Bxf3 11. Bxf3 f5 12. Bxc6 bxc6 13. Nd2 e4 14. b4 h5 15. h4
Nf6 16. Nb3 Ng4 17. Rb1 g5 18. hxg5 Qxg5 19. d5 h4 20. dxc6 hxg3 21. fxg3 Nxe3
22. Qe1 Nxf1 23. Kxf1 f4 24. Bxg7 Kxg7 25. Nd4 fxg3+ 26. Kg1 Rae8 27. Rb3 e3 28.
Qe2 Rf2 29. Qe1 Qh5 30. Nf3 0-1

[Event "Titled Tue 17th Jun Early"]
[Site "chess.com INT"]
[Date "2025.06.17"]
[Round "9"]
[White "Vlassov, Nikolai"]
[Black "Yatskar, Martin"]
[Result "1-0"]
[WhiteTitle "IM"]
[BlackTitle "CM"]
[WhiteElo "2291"]
[BlackElo "2225"]
[WhiteFideId "4103360"]
[BlackFideId "34109676"]
[EventDate "2025.06.17"]

1. e4 e5 2. Bc4 Nf6 3. d3 Bc5 4. Nf3 d6 5. Bg5 h6 6. Bh4 a5 7. Nc3 g5 8. Bg3 O-O
9. Nd2 c6 10. a3 b5 11. Ba2 Be6 12. h4 g4 13. h5 Nbd7 14. Nf1 Qb6 15. Qd2 Kh7
16. Ne3 Bxa2 17. Nxa2 Bxe3 18. fxe3 Rg8 19. O-O-O Rg5 20. Bh4 Rxh5 21. Rdf1 Kg6
22. Qf2 Rf8 23. Bxf6 Rxh1 24. Qf5# 1-0

[Event "Titled Tue 17th Jun Early"]
[Site "chess.com INT"]
[Date "2025.06.17"]
[Round "9"]
[White "Guo, Felix"]
[Black "Ivashentseva, Dominika"]
[Result "1-0"]
[BlackTitle "WCM"]
[WhiteElo "2091"]
[BlackElo "1969"]
[WhiteFideId "30997550"]
[BlackFideId "34331050"]
[EventDate "2025.06.17"]

1. e4 c5 2. Nf3 Nc6 3. c3 g6 4. d4 cxd4 5. cxd4 Bg7 6. Nc3 e6 7. Bc4 Nge7 8. O-O
d5 9. exd5 exd5 10. Bb3 O-O 11. Re1 Be6 12. Bg5 Qd7 13. Ne5 Nxe5 14. dxe5 d4 15.
Ne4 Nc6 16. Nf6+ Bxf6 17. Bxf6 h6 18. Qd2 Kh7 19. Re4 Rg8 20. Qxh6+ Kxh6 21.
Rh4# 1-0

[Event "Titled Tue 17th Jun Early"]
[Site "chess.com INT"]
[Date "2025.06.17"]
[Round "9"]
[White "Kjaergaard-Jensen, Jesper"]
[Black "Reprintsev, Alexander"]
[Result "0-1"]
[WhiteTitle "CM"]
[BlackTitle "IM"]
[WhiteElo "2081"]
[BlackElo "2256"]
[WhiteFideId "1406990"]
[BlackFideId "14100541"]
[EventDate "2025.06.17"]

1. d4 d5 2. Nf3 Bf5 3. c3 e6 4. Bg5 Qc8 5. Nbd2 Bd6 6. Nh4 Bg4 7. h3 h6 8. Be3
Bh5 9. g4 Qd8 10. Nhf3 Bg6 11. Ne5 Bh7 12. Bg2 Nd7 13. f4 Ne7 14. Qb3 f6 15.
Nxd7 Qxd7 16. Qxb7 O-O 17. b4 a5 18. Bxd5 exd5 0-1

[Event "Titled Tue 17th Jun Early"]
[Site "chess.com INT"]
[Date "2025.06.17"]
[Round "9"]
[White "Weigand, Anton"]
[Black "Cernov, Henrik"]
[Result "0-1"]
[WhiteTitle "CM"]
[BlackTitle "FM"]
[WhiteElo "2197"]
[BlackElo "2325"]
[WhiteFideId "16221915"]
[BlackFideId "16258312"]
[EventDate "2025.06.17"]

1. e4 e6 2. d4 b6 3. Bd3 Bb7 4. Nf3 c5 5. c3 h6 6. O-O g5 7. Nbd2 Bg7 8. Nc4 d6
9. e5 Bf8 10. exd6 Bxd6 11. Nxd6+ Qxd6 12. Bb5+ Ke7 13. Re1 a6 14. Ba4 b5 15.
Bc2 c4 16. a4 Nd7 17. b3 Ke8 18. Ba3 Qc7 19. bxc4 bxc4 20. Ne5 Ngf6 21. Nxd7
Qxd7 22. Qe2 Qd5 23. Rab1 Qxg2# 0-1

[Event "Titled Tue 17th Jun Early"]
[Site "chess.com INT"]
[Date "2025.06.17"]
[Round "9"]
[White "Kezin, Roman"]
[Black "Terry, Renato"]
[Result "0-1"]
[WhiteTitle "IM"]
[BlackTitle "IM"]
[WhiteElo "2471"]
[BlackElo "2508"]
[WhiteFideId "24124621"]
[BlackFideId "3803457"]
[EventDate "2025.06.17"]

1. d4 e6 2. c4 Bb4+ 3. Bd2 Qe7 4. Nc3 Nf6 5. Nf3 O-O 6. g3 d6 7. Bg2 e5 8. O-O
Re8 9. Rc1 Bxc3 10. Rxc3 Ne4 11. Re3 Nxd2 12. Qxd2 Nd7 13. c5 e4 14. cxd6 cxd6
15. d5 Nb6 16. Rc1 Bd7 17. Ne1 f5 18. f3 Qg5 19. fxe4 fxe4 20. Rd1 Nc4 21. Nf3
Qxe3+ 0-1

[Event "Titled Tue 17th Jun Early"]
[Site "chess.com INT"]
[Date "2025.06.17"]
[Round "9"]
[White "Andreikin, Dmitry"]
[Black "Akobian, Varuzhan"]
[Result "1-0"]
[WhiteTitle "GM"]
[BlackTitle "GM"]
[WhiteElo "2695"]
[BlackElo "2551"]
[WhiteFideId "4158814"]
[BlackFideId "13300580"]
[EventDate "2025.06.17"]

1. d4 e6 2. c4 d5 3. Nf3 c5 4. e3 Nf6 5. Nc3 a6 6. cxd5 exd5 7. g3 c4 8. Bg2 Nc6
9. Ne5 Be6 10. O-O Rc8 11. e4 Nxe5 12. exd5 Nxd5 13. dxe5 Nxc3 14. bxc3 Qxd1 15.
Rxd1 b5 16. Bb7 Rb8 17. Bc6+ Ke7 18. Ba3+ b4 19. Bxb4+ Rxb4 20. cxb4 g5 21. Bd5
Bg7 22. Rac1 Rc8 23. f4 gxf4 24. gxf4 Bh6 25. Bxe6 fxe6 26. Rd4 c3 27. Kf2 c2
28. Ke2 Rc3 29. a4 Kf7 30. b5 axb5 31. axb5 Rb3 32. Rxc2 Rxb5 33. Rc6 Rb2+ 34.
Kf3 Rxh2 35. Rd7+ 1-0

[Event "Titled Tue 17th Jun Early"]
[Site "chess.com INT"]
[Date "2025.06.17"]
[Round "9"]
[White "Bruhovich, Olexandr"]
[Black "Jammalamadaka, Vihaan"]
[Result "1-0"]
[WhiteTitle "CM"]
[BlackTitle "CM"]
[WhiteElo "2208"]
[BlackElo "2018"]
[WhiteFideId "14119919"]
[BlackFideId "30977134"]
[EventDate "2025.06.17"]

1. e4 d5 2. exd5 Qxd5 3. Nf3 Bg4 4. Be2 Nf6 5. Nc3 Qa5 6. O-O Nc6 7. d3 O-O-O 8.
a3 e6 9. Be3 Bd6 10. h3 h5 11. b4 Qf5 12. Nh4 Qe5 13. g3 Bxh3 14. d4 Nxd4 15.
Bxd4 Qg5 16. Qc1 Bf4 17. Qxf4 Qxf4 18. gxf4 Bxf1 19. Bxf6 Bxe2 20. Bxd8 Bc4 21.
Be7 b6 22. b5 Re8 23. Bb4 c5 24. bxc6 a5 25. Bd6 Rd8 26. Rd1 f6 27. Ng6 1-0

[Event "Titled Tue 17th Jun Early"]
[Site "chess.com INT"]
[Date "2025.06.17"]
[Round "9"]
[White "Bacrot, Etienne"]
[Black "Palczert, Matyas"]
[Result "1-0"]
[WhiteTitle "GM"]
[BlackTitle "FM"]
[WhiteElo "2633"]
[BlackElo "2396"]
[WhiteFideId "605506"]
[BlackFideId "784958"]
[EventDate "2025.06.17"]

1. e4 e5 2. Nf3 Nc6 3. Bc4 Bc5 4. d3 Nf6 5. Nc3 d6 6. Na4 h6 7. Nxc5 dxc5 8. Bb5
Bg4 9. h3 Bxf3 10. Bxc6+ bxc6 11. Qxf3 O-O 12. O-O Qd6 13. b3 Nd7 14. Qg3 Rae8
15. f4 f5 16. fxe5 Qxe5 17. Qxe5 Rxe5 18. Bb2 Re6 19. Rxf5 Rxf5 20. exf5 Re2 21.
Rc1 Nf6 22. Kf1 Re8 23. Bxf6 gxf6 24. Re1 Rd8 25. Re4 Kf7 26. g4 h5 27. Kg2 hxg4
28. hxg4 Rh8 29. Rc4 Rh4 30. Kg3 Rh1 31. Rxc5 Rg1+ 32. Kf3 Rf1+ 33. Kg2 1-0

[Event "Titled Tue 17th Jun Early"]
[Site "chess.com INT"]
[Date "2025.06.17"]
[Round "9"]
[White "Salinas Herrera, Pablo"]
[Black "Zakirov, Musa"]
[Result "1-0"]
[WhiteTitle "GM"]
[BlackTitle "FM"]
[WhiteElo "2447"]
[BlackElo "2209"]
[WhiteFideId "3407128"]
[BlackFideId "44189222"]
[EventDate "2025.06.17"]

1. e4 c5 2. Nf3 d6 3. Bb5+ Nd7 4. a4 a6 5. Be2 Ngf6 6. Nc3 g6 7. O-O Bg7 8. a5
O-O 9. d3 Nb8 10. e5 dxe5 11. Nxe5 Nbd7 12. Nc4 b5 13. axb6 Nxb6 14. Bf3 Ra7 15.
Na5 Bd7 16. Nc6 Bxc6 17. Bxc6 Qc7 18. Bf3 e6 19. Re1 Nfd5 20. Nxd5 Nxd5 21. c3
Rb8 22. Ra2 a5 23. Qa4 h5 24. Bxd5 exd5 25. Bf4 Qe7 26. Rxe7 Rxe7 27. g3 Rbe8
28. Qxa5 d4 29. Qxc5 Re1+ 30. Kg2 R8e2 31. Qd5 h4 32. Ra8+ Kh7 33. Qxf7 Re7 34.
Qg8# 1-0

[Event "Titled Tue 17th Jun Early"]
[Site "chess.com INT"]
[Date "2025.06.17"]
[Round "9"]
[White "Akshit, Kumar J"]
[Black "Petersen, Marcel"]
[Result "0-1"]
[WhiteTitle "CM"]
[BlackTitle "CM"]
[WhiteElo "2074"]
[BlackElo "2236"]
[WhiteFideId "25097431"]
[BlackFideId "12935670"]
[EventDate "2025.06.17"]

1. e4 g6 2. d4 Bg7 3. Nc3 e6 4. Nf3 Ne7 5. Bg5 h6 6. Bh4 g5 7. Bg3 d6 8. Be2 O-O
9. O-O f5 10. h3 f4 11. Bh2 e5 12. Qd2 Nbc6 13. Rad1 Nxd4 14. Nxd4 exd4 15. Nb5
c5 16. c3 a6 17. cxd4 axb5 18. dxc5 Be6 19. cxd6 Nc6 20. Bxb5 Rxa2 21. g3 Rxb2
22. Qd3 Ne5 0-1

[Event "Titled Tue 17th Jun Early"]
[Site "chess.com INT"]
[Date "2025.06.17"]
[Round "9"]
[White "Shandrygin, Nikita"]
[Black "Andreev, Konstantin"]
[Result "0-1"]
[WhiteTitle "FM"]
[BlackTitle "FM"]
[WhiteElo "2209"]
[BlackElo "2208"]
[WhiteFideId "24198668"]
[BlackFideId "24239305"]
[EventDate "2025.06.17"]

1. e4 c5 2. b4 cxb4 3. a3 e6 4. axb4 Bxb4 5. c3 Be7 6. d4 d6 7. f4 Nc6 8. Nf3
Nh6 9. Bd3 f5 10. exf5 Nxf5 11. O-O O-O 12. Qe2 e5 13. d5 Na5 14. fxe5 Nb3 15.
Ra2 dxe5 16. Nxe5 Bc5+ 17. Kh1 Nxc1 18. Rxc1 Qg5 19. Rf1 Ng3+ 20. hxg3 Qh6+ 21.
Qh5 Qxh5# 0-1

[Event "Titled Tue 17th Jun Early"]
[Site "chess.com INT"]
[Date "2025.06.17"]
[Round "9"]
[White "Aaradhya Das"]
[Black "Mikhalsky, Vladimir"]
[Result "1-0"]
[WhiteTitle "WCM"]
[WhiteElo "1786"]
[BlackElo "2219"]
[WhiteFideId "33361436"]
[BlackFideId "14144352"]
[EventDate "2025.06.17"]

1. e4 g6 2. d4 Bg7 3. Nf3 d6 4. Nbd2 a6 5. Bd3 Nf6 6. c3 O-O 7. O-O e5 8. dxe5
dxe5 9. Nxe5 Re8 10. Ndf3 Nh5 11. Nxf7 Kxf7 12. Ng5+ Ke7 13. Nxh7 Nc6 14. Bg5+
Nf6 15. e5 Nxe5 16. Re1 Qd6 17. f4 Kd7 18. fxe5 Qc5+ 19. Be3 Qxe5 20. Bb5+ Ke6
21. Bd4 Nxh7 22. Bxe5 Bxe5 23. Bxe8 Nf6 24. Qe2 1-0

[Event "Titled Tue 17th Jun Early"]
[Site "chess.com INT"]
[Date "2025.06.17"]
[Round "9"]
[White "Dehtiarov, Roman"]
[Black "Moldagali, Beksultan"]
[Result "1-0"]
[WhiteTitle "FM"]
[BlackTitle "FM"]
[WhiteElo "2416"]
[BlackElo "2397"]
[WhiteFideId "14186640"]
[BlackFideId "13734768"]
[EventDate "2025.06.17"]

1. e4 d5 2. exd5 Qxd5 3. Nc3 Qa5 4. Nf3 Nf6 5. b4 Qxb4 6. Rb1 Qd6 7. d4 c6 8.
Bd3 e6 9. O-O Be7 10. Bg5 O-O 11. Ne5 Rd8 12. Bxf6 Bxf6 13. Bxh7+ Kf8 14. Qh5 g6
15. Bxg6 fxg6 16. Qh6+ Bg7 17. Qf4+ Kg8 18. Qf7+ Kh7 19. Ne4 Qf8 20. Nf6+ Kh6
21. Qxg6# 1-0

[Event "Titled Tue 17th Jun Early"]
[Site "chess.com INT"]
[Date "2025.06.17"]
[Round "9"]
[White "Baturin-Vinogradov, Miroslav"]
[Black "Tekeyev, Zaur"]
[Result "0-1"]
[WhiteTitle "CM"]
[BlackTitle "IM"]
[WhiteElo "2046"]
[BlackElo "2407"]
[WhiteFideId "55745741"]
[BlackFideId "4199731"]
[EventDate "2025.06.17"]

1. e4 c5 2. Nf3 Nc6 3. Nc3 e5 4. Bb5 d6 5. d3 Be7 6. O-O Nf6 7. Bg5 O-O 8. Bxf6
Bxf6 9. Nd5 g6 10. c3 Bg7 11. Bxc6 bxc6 12. Ne3 Rb8 13. Qc2 f5 14. Nd2 f4 15.
Nec4 d5 16. Na3 f3 17. Nxf3 Rxf3 18. gxf3 Bh3 19. Kh1 Qf6 20. Qe2 Rxb2 21. Qd1
Rd2 22. f4 Qxf4 0-1

[Event "Titled Tue 17th Jun Early"]
[Site "chess.com INT"]
[Date "2025.06.17"]
[Round "9"]
[White "Khazan, Yevgeny"]
[Black "Winkels, Marcel"]
[Result "1-0"]
[WhiteTitle "CM"]
[BlackTitle "CM"]
[WhiteElo "2135"]
[BlackElo "1905"]
[WhiteFideId "2806193"]
[BlackFideId "1003887"]
[EventDate "2025.06.17"]

1. d4 d6 2. e4 Nf6 3. Nc3 g6 4. f3 c6 5. Be3 b5 6. a3 Nbd7 7. Qd2 Bb7 8. g4 a5
9. g5 Nh5 10. Nge2 b4 11. axb4 axb4 12. Rxa8 Qxa8 13. Nd1 c5 14. Ng3 Ng7 15. d5
e5 16. h4 Be7 17. h5 O-O 18. Qh2 f5 19. hxg6 hxg6 20. exf5 gxf5 21. g6 Nh5 22.
Qxh5 Kg7 23. Qh7+ Kf6 24. Nh5# 1-0

[Event "Titled Tue 17th Jun Early"]
[Site "chess.com INT"]
[Date "2025.06.17"]
[Round "9"]
[White "Mihajlovskij, Sergei"]
[Black "Simonovic, Miroslav"]
[Result "1-0"]
[BlackTitle "CM"]
[WhiteElo "2292"]
[BlackElo "2092"]
[WhiteFideId "13500805"]
[BlackFideId "919152"]
[EventDate "2025.06.17"]

1. e4 c5 2. Nf3 Nc6 3. d4 cxd4 4. Nxd4 e5 5. Nb5 d6 6. c4 Be6 7. N1c3 a6 8. Na3
Rc8 9. Nc2 Be7 10. Be2 f5 11. exf5 Bxf5 12. Ne3 Be6 13. Ned5 Nf6 14. Be3 O-O 15.
O-O Bf7 16. Qd2 Nxd5 17. Nxd5 Bf6 18. Rad1 Qa5 19. Nxf6+ gxf6 20. Qxd6 Bg6 21.
Bh6 Rf7 22. Bf3 Rd8 23. Bxc6 Rxd6 24. Rxd6 Re7 25. Bd5+ 1-0

[Event "Titled Tue 17th Jun Early"]
[Site "chess.com INT"]
[Date "2025.06.17"]
[Round "9"]
[White "Kozak, Magdalena"]
[Black "Skiadopoulos, Nikolaos"]
[Result "1-0"]
[WhiteTitle "WIM"]
[BlackTitle "CM"]
[WhiteElo "2176"]
[BlackElo "1882"]
[WhiteFideId "1124757"]
[BlackFideId "4200772"]
[EventDate "2025.06.17"]

1. Nf3 c5 2. c4 Nc6 3. g3 Nf6 4. Bg2 g6 5. O-O Bg7 6. d4 Nxd4 7. Nxd4 cxd4 8.
Qxd4 O-O 9. Nc3 d6 10. Bg5 Be6 11. Bxb7 Rb8 12. Bg2 Rxb2 13. Qxa7 Bxc4 14. Rfe1
Nd7 15. Qa3 Rc2 16. Rac1 Rxc3 17. Rxc3 Bxc3 18. Qxc3 Bxa2 19. Bh6 Ne5 20. f4 Qc8
21. Qb2 Qc5+ 22. Kh1 Ng4 23. Qg7# 1-0

[Event "Titled Tue 17th Jun Early"]
[Site "chess.com INT"]
[Date "2025.06.17"]
[Round "9"]
[White "Jahnz, Laurin"]
[Black "Sethuraman, Roshan"]
[Result "1/2-1/2"]
[WhiteTitle "CM"]
[WhiteElo "2221"]
[BlackElo "2074"]
[WhiteFideId "16261089"]
[BlackFideId "30965250"]
[EventDate "2025.06.17"]

1. e4 c5 2. Nf3 d6 3. Bb5+ Nd7 4. O-O Nf6 5. Qe2 a6 6. Bxd7+ Bxd7 7. Rd1 g6 8.
c3 Bc6 9. e5 dxe5 10. Nxe5 Qc7 11. Nxc6 Qxc6 12. d4 cxd4 13. cxd4 Bg7 14. Nc3
O-O 15. Qxe7 Rfe8 16. Qc5 Qe6 17. Be3 Rac8 18. Qb4 Ng4 19. Re1 Qf5 20. Qxb7 Rb8
21. Qf3 Rxb2 22. Qxf5 gxf5 23. h3 Nxe3 24. Rxe3 Rxe3 25. fxe3 f4 26. Rb1 Rxb1+
27. Nxb1 fxe3 28. d5 Kf8 29. Kf1 Ke7 30. Ke2 Bd4 31. Na3 Kd6 32. Nc2 Kxd5 33.
Nb4+ Kc4 34. Nxa6 Be5 35. a4 Bf4 36. g3 Bxg3 37. Kxe3 f5 38. Kf3 Bd6 39. Ke3 Kd5
40. Kf3 Kc6 41. Nb4+ Bxb4 42. Kf4 1/2-1/2

[Event "Titled Tue 17th Jun Early"]
[Site "chess.com INT"]
[Date "2025.06.17"]
[Round "9"]
[White "Venkatesh, Narayan"]
[Black "Goodrich, Elliott"]
[Result "1-0"]
[WhiteTitle "FM"]
[WhiteElo "2168"]
[BlackElo "2019"]
[WhiteFideId "30987881"]
[BlackFideId "39902064"]
[EventDate "2025.06.17"]

1. Nf3 Nf6 2. e3 g6 3. c4 Bg7 4. Nc3 b6 5. b3 Bb7 6. Bb2 d5 7. cxd5 Nxd5 8. Rc1
O-O 9. d4 a6 10. Be2 Nc6 11. O-O e6 12. Qd2 Qd7 13. Rfd1 Rad8 14. e4 Nxc3 15.
Bxc3 Ne7 16. Qc2 Qc6 17. d5 exd5 18. Bxg7 Kxg7 19. Qb2+ Qf6 20. e5 Qe6 21. Rxc7
Rd7 22. Rxd7 Qxd7 23. e6+ 1-0

[Event "Titled Tue 17th Jun Early"]
[Site "chess.com INT"]
[Date "2025.06.17"]
[Round "9"]
[White "Sutormin, Danila"]
[Black "Caku, Kler"]
[Result "1-0"]
[WhiteTitle "FM"]
[BlackTitle "WFM"]
[WhiteElo "2381"]
[BlackElo "2010"]
[WhiteFideId "24108669"]
[BlackFideId "4704703"]
[EventDate "2025.06.17"]

1. e4 e5 2. Nf3 Nc6 3. d4 exd4 4. Nxd4 Nf6 5. Nxc6 bxc6 6. e5 Qe7 7. Qe2 Nd5 8.
c4 Ba6 9. Qe4 Nb6 10. Nc3 g6 11. Bf4 Bg7 12. O-O-O O-O-O 13. c5 Bxf1 14. cxb6
Ba6 15. Qa4 Kb7 16. bxc7 Rc8 17. Rd4 Rxc7 18. Kb1 Bb5 19. Nxb5 cxb5 20. Qxb5+
Kc8 21. Rb4 Kd8 22. e6 d6 23. Rd1 fxe6 24. Rxd6+ Kc8 25. Qb8# 1-0

[Event "Titled Tue 17th Jun Early"]
[Site "chess.com INT"]
[Date "2025.06.17"]
[Round "9"]
[White "Bolashakov, Nurali"]
[Black "Lorans, Sylvain"]
[Result "1-0"]
[WhiteTitle "CM"]
[BlackTitle "CM"]
[WhiteElo "2242"]
[BlackElo "2155"]
[WhiteFideId "13792105"]
[BlackFideId "605794"]
[EventDate "2025.06.17"]

1. e4 c5 2. Nf3 Nc6 3. d4 cxd4 4. Nxd4 g6 5. Nc3 Bg7 6. Be3 Nf6 7. Nxc6 bxc6 8.
e5 Ng8 9. Bd4 Qc7 10. f4 Rb8 11. Qd2 f6 12. exf6 Nxf6 13. O-O-O O-O 14. Bc4+ Kh8
15. h4 Rb4 16. Bb3 c5 17. Bxf6 Bxf6 18. Nd5 Qc6 19. Nxb4 cxb4 20. g4 Bb7 21. g5
Bg7 22. h5 1-0

[Event "Titled Tue 17th Jun Early"]
[Site "chess.com INT"]
[Date "2025.06.17"]
[Round "9"]
[White "Hehir, Michael"]
[Black "Sitnic, Adnan"]
[Result "0-1"]
[BlackTitle "CM"]
[WhiteElo "2009"]
[BlackElo "2058"]
[WhiteFideId "2047411"]
[BlackFideId "14403854"]
[EventDate "2025.06.17"]

1. d4 Nf6 2. c4 e6 3. Nf3 b6 4. g3 Ba6 5. Qa4 c5 6. Bg2 Bb7 7. O-O cxd4 8. Nxd4
Bxg2 9. Kxg2 Be7 10. Nc3 O-O 11. Rd1 Qc7 12. Ncb5 Qb7+ 13. Nf3 d5 14. Bf4 Na6
15. Nd6 Bxd6 16. Bxd6 Rfd8 17. Be5 Ng4 18. cxd5 Nxe5 19. Nxe5 Rxd5 20. Rxd5
Qxd5+ 21. Nf3 Nc5 22. Qb5 Qb7 23. Rd1 h6 24. Kg1 a6 25. Qc4 Rc8 26. Rc1 Rd8 27.
b4 Ne4 28. Qc7 Qxc7 29. Rxc7 Rd1+ 30. Kg2 Ra1 31. Rc2 Rb1 32. Rc8+ Kh7 33. Rc4
f5 34. Ne5 Rb2 35. Kf1 Nd2+ 0-1

[Event "Titled Tue 17th Jun Early"]
[Site "chess.com INT"]
[Date "2025.06.17"]
[Round "9"]
[White "Pranesh, M"]
[Black "Aradhya, Garg"]
[Result "0-1"]
[WhiteTitle "GM"]
[BlackTitle "IM"]
[WhiteElo "2580"]
[BlackElo "2370"]
[WhiteFideId "35028600"]
[BlackFideId "25006746"]
[EventDate "2025.06.17"]

1. Nf3 d5 2. g3 g6 3. Bg2 Bg7 4. O-O Nf6 5. d3 O-O 6. Nbd2 c5 7. e4 Nc6 8. Re1
e5 9. exd5 Nxd5 10. Nc4 Re8 11. a4 b6 12. Ng5 f6 13. Ne4 Be6 14. h4 Re7 15. a5
Rd7 16. h5 gxh5 17. Qxh5 Nd4 18. axb6 Nxc2 19. Nxc5 Nxe1 20. Nxe6 Qe7 21. Rxa7
Rdxa7 22. Bxd5 Rd7 23. Bxa8 Qxe6 24. Be4 Kf8 25. Bf5 Qd5 26. Bxd7 Qg2# 0-1

[Event "Titled Tue 17th Jun Early"]
[Site "chess.com INT"]
[Date "2025.06.17"]
[Round "9"]
[White "Gong, Qianyun"]
[Black "Chan, Mark"]
[Result "1-0"]
[WhiteTitle "WGM"]
[BlackTitle "FM"]
[WhiteElo "2228"]
[BlackElo "2179"]
[WhiteFideId "8602425"]
[BlackFideId "5800560"]
[EventDate "2025.06.17"]

1. d4 d5 2. c4 dxc4 3. Nf3 Nf6 4. e3 e6 5. Bxc4 c5 6. O-O a6 7. a4 Nc6 8. Nc3
Be7 9. Qc2 cxd4 10. Rd1 O-O 11. Nxd4 Nxd4 12. Rxd4 Qc7 13. Bd3 e5 14. Rc4 Qa5
15. Bd2 Qd8 16. Ne4 h6 17. Nxf6+ Bxf6 18. Bb4 Re8 19. Rd1 Qb6 20. a5 Qe6 21.
Bh7+ Kh8 22. Rd6 Qe7 23. Rdc6 bxc6 24. Bxe7 Rxe7 25. Be4 Be6 26. Rxc6 Rd8 27. h3
Red7 28. Rxa6 Rd1+ 29. Kh2 R1d2 30. Qc6 Rxf2 31. Ra8 Rd2 32. a6 1-0

[Event "Titled Tue 17th Jun Early"]
[Site "chess.com INT"]
[Date "2025.06.17"]
[Round "9"]
[White "Medina, VInce Angelo"]
[Black "Flynn, Jacob"]
[Result "1-0"]
[BlackTitle "CM"]
[WhiteElo "2138"]
[BlackElo "2274"]
[WhiteFideId "5205069"]
[BlackFideId "2509393"]
[EventDate "2025.06.17"]

1. g4 e5 2. Bg2 Ne7 3. c4 Ng6 4. Nc3 Bc5 5. e3 a6 6. d4 Ba7 7. Nf3 d6 8. dxe5
Bxg4 9. exd6 Nc6 10. h3 Bh5 11. Qd5 Bxf3 12. Bxf3 cxd6 13. b3 O-O 14. Bb2 Nge5
15. O-O-O Nb4 16. Qxb7 Nbd3+ 17. Kb1 Qf6 18. Nd5 Qxf3 19. Ne7+ Kh8 20. Qxf3 Nxf3
21. Rxd3 Bc5 22. Nf5 Ne5 23. Rd5 f6 24. Rg1 Ra7 25. Nxd6 Bxd6 26. Rxd6 Nf3 27.
Rg3 Ng5 28. Bd4 Raa8 29. Rd7 1-0